Geography A-Z #2 - Statistics

General Stats
  • This quiz has been taken 159 times
  • The average score is 21 of 25
Answer Stats
Letter Hint Answer % Correct
A The largest and most sparsely populated U.S. state. Alaska
99%
D A Scandinavian country comprising the Jutland Peninsula and numerous islands. Denmark
98%
H A mountain range in Asia, separating the plains of the Indian subcontinent from the Tibetan Plateau. Himalayas
95%
J One of the oldest cities in the world, and considered holy to the three major Abrahamic religions—Judaism, Christianity, and Islam. Jerusalem
95%
M Islam’s holiest city. Mecca
95%
Q A predominantly French-speaking province in eastern Canada Quebec
92%
S The largest hot desert in the world. Sahara
91%
C The world's largest inland body of water, variously classed as the world's largest lake or a full-fledged sea. Caspian Sea
90%
O A small lake in a hot desert climate. Oasis
90%
B A strait of the Pacific, which separates Russia and Alaska slightly south of the Arctic Circle Bering Straight
89%
N A marginal sea of the Atlantic Ocean located between the United Kingdom, Denmark, Norway, Sweden, Germany, the Netherlands, Belgium and France. North Sea
89%
P An artificial waterway that connects the Atlantic Ocean with the Pacific Ocean. Panama Canal
88%
Y A national park of the USA, located in Montana, Idaho and Wyoming. Yellowstone
87%
F A remote South Atlantic archipelago known to Argentinians as Las Malvinas Falkland Islands
86%
T An isolated island state off Australia’s south coast. Tasmania
86%
V The capital of northern Italy’s Veneto region, that is built on more than 100 small islands in a lagoon in the Adriatic Sea. Venice
85%
U The capital of Mongolia. Ulan Bator
83%
L A geographic coordinate that specifies the east–west position of a point on the Earth's surface, or the surface of a celestial body. Longitude
81%
K A large semi-arid sandy savanna in Southern Africa. Kalahari Desert
77%
Z Island region of Tanzania in the Indian Ocean. Zanzibar
74%
G A sacred river of India and Bangladesh. Ganges
64%
I A mountainous region that's most associated with the countries of Spain and Portugal. Iberian
64%
R A seawater inlet of the Indian Ocean, lying between Africa and Asia. Red Sea
64%
E A remote volcanic island in Polynesia. Its native name is Rapa Nui. Easter Island
61%
W Any natural environment which has not been significantly developed or modified by human activity. Wilderness
51%
No matching quizzes found
Score Distribution
Percent of People with Each Score
Percentile by Number Answered
Your Score History
You have not taken this quiz